02933cam a2200361 i 45000010005000000030006000050050017000110080041000280100017000690200043000860200040001290200031001690200018002000400028002180420008002460430012002540500027002660820020002931000031003132450142003442600049004863000046005353360021005813370025006023380023006275040067006505050314007175201406010316500034024376500037024716500036025087000027025443231FISKH20240220161717.0130405t20142014nyuab b s001 0 eng  a 2013008590 a9780231161343 (cloth : acidfree paper) a0231161344 (cloth : acidfree paper) z9780231535564 (electronic) z9780231161343 aDLCbengcDLCerdadDLC apcc aa-th---00aHD9019.M382bT553 201400a363.45095932231 aMaguire, Peterq(Peter H.)10aThai stick :bsurfers, scammers, and the untold story of the marijuana trade /cPeter Maguire and Mike Ritter ; foreword by David Farber. aNew York :bColumbia University Press,c2014 a236 pages :billustrations, maps ;c24 cm atext2rdacontent aunmediated2rdamedia avolume2rdacarrier aIncludes bibliographical references (pages 209-225) and index.0 aForeword -- Introduction -- Surfers, scammers, and the counterculture -- The Hippie trail -- Kuta beach -- Thai sticks -- Pattaya Beach ground zero -- The sea of grass -- The gold rush -- Pirates and perils -- Multitons and mother ships -- The Dea gains ground -- Conclusion -- Notes -- Bibliography -- Index. aLocated on the left bank of the Chao Phya River, Thailand's capital, Krungthep, known as Bangkok to Westerners and "the City of Angels" to Thais, has been home to smugglers and adventurers since the late eighteenth century. During the 1970's, it became a modern Casablanca to a new generation of treasure seekers, from surfers looking to finance their endless summers to wide-eyed hippie true believers and lethal marauders left over from the Vietnam War. Moving a shipment of Thai sticks from northeast Thailand farms to American consumers meant navigating one of the most complex smuggling channels in the history of the drug trade. Many forget that until the mid-1970's, the vast majority of marijuana consumed in the United States was imported, and there was little to no domestic production. Peter Maguire and Mike Ritter are the first historians to document this underground industry, the only record of its existence rooted in the fading memories of its elusive participants. Drawing on hundreds of interviews with smugglers and law enforcement agents, the authors recount the buy, delivery, voyage home, and product offload. They capture the eccentric personalities of the men and women who transformed the Thai marijuana trade from a GI cottage industry into a professionalized business moving the world's most lucrative commodities, unraveling a rare history from the smugglers' perspective. 0aMarijuana industryzThailand. 0aDrug trafficzThailandxHistory. 0aSmugglerszThailandvBiography.1 aRitter, Mike.eAuthor